000 00447nam a2200145 4500
999 _c10927
_d10927
008 180927b ||||| |||| 00| 0 eng d
022 _a2094-8042
082 _aDPer 370.105 M72 Jan-Dec 2011 v59-60
100 _931752
_aGutierrez, Daniel C.
245 _aGuro ay gabay/
_cDaniel Gutierrez.
260 _aPhilippines:
_bIn the Grade School, Inc.,
_cc2011.
300 _av60 n5, page 213;
_c27cm.
650 0 _931753
_aPoetry.
942 _2ddc
_cPER